[Event "Cheliabinsk Seniors (Women)"]
[Site "Cheliabinsk"]
[Date "2005.12.19"]
[Round "4"]
[White "Zatulovskaya, Tatiana"]
[Black "Alexandria, Nana"]
[Result "1/2-1/2"]
[WhiteElo "2097"]
[BlackElo "2323"]
[PlyCount "82"]
[EventDate "2005.12.16"]
[EventType "tourn"]
[EventRounds "7"]
[EventCountry "RUS"]
[SourceTitle "CBM 110 Extra"]
[Source "ChessBase"]
[SourceDate "2006.03.10"]
[SourceVersion "2"]
[SourceVersionDate "2006.03.10"]
[SourceQuality "1"]

1. e4 c5 2. b3 d6 3. Bb2 e6 4. Nf3 Nf6 5. Bb5+ Nbd7 6. e5 dxe5 7. Nxe5 Be7 8. 0-0 0-0 9. d4 a6 10. Bd3 cxd4 11. Bxd4 Qc7 12. Qe2 Nc5 13. Nd2 b5 14. Ndf3 Bb7 15. Bxc5 Bxc5 16. c4 bxc4 17. Nxc4 Nd5 18. Qe4 g6 19. Qe5 Rac8 20. Qxc7 Nxc7 21. Nce5 Rfd8 22. Rfd1 f6 23. Ng4 Kg7 24. Bc4 Nd5 25. Bxd5 Bxd5 26. Ne3 Bb7 27. Nc4 e5 28. Nfd2 Ba8 29. Nf1 Bd4 30. Rac1 Rc7 31. Nfe3 Rdc8 32. Kf1 h5 33. h4 Ra7 34. Nc2 Bc5 35. Rd2 a5 36. Rcd1 Rcc7 37. f3 e4 38. f4 a4 39. b4 Bf8 40. Nb6 Bc6 41. a3 Bb5+ 1/2-1/2

[Event "Jababeka (Women)"]
[Site "Jakarta"]
[Date "2005.10.26"]
[Round "10"]
[White "Lumongdong, Lisa Karlina"]
[Black "Alexandria, Nana"]
[Result "0-1"]
[WhiteElo "2163"]
[BlackElo "2323"]
[PlyCount "144"]
[EventDate "2005.10.21"]
[EventType "tourn"]
[EventRounds "11"]
[EventCountry "INA"]
[SourceTitle "EXT 2006"]
[Source "ChessBase"]
[SourceDate "2005.11.24"]
[SourceVersion "1"]
[SourceVersionDate "2005.11.24"]
[SourceQuality "1"]

1. e4 c5 2. Nf3 e6 3. d4 cxd4 4. Nxd4 Nc6 5. Nb5 d6 6. c4 Nf6 7. N1c3 a6 8. Na3 Be7 9. Be2 b6 10. 0-0 Bb7 11. Be3 Ne5 12. f3 0-0 13. Rc1 Qc7 14. Qb3 Ned7 15. Rfd1 Rac8 16. Kh1 Qb8 17. Bf1 Bd8 18. Nc2 Bc7 19. Bg1 Kh8 20. Qa3 Rfe8 21. b4 Qa8 22. Qb3 Ne5 23. Ne3 g5 24. Qb2 Qb8 25. Na4 Kg8 26. Qd4 Nfd7 27. a3 Ba8 28. Nc3 h6 29. Qd2 Nf8 30. Nc2 Nfg6 31. Nd4 Bd8 32. Na4 Be7 33. Nb3 Nd7 34. Qf2 Bd8 35. c5 bxc5 36. Nbxc5 dxc5 37. Rxd7 Bc6 38. Nxc5 Bxd7 39. Nxd7 Qa8 40. Nc5 Bb6 41. Qb2 Qa7 42. Qf6 Rc7 43. Bd4 e5 44. Bf2 a5 45. Bb5 Ree7 46. Rd1 Rc8 47. Bc4 Kh7 48. Qf5 Rcc7 49. h4 gxh4 50. Bxh4 Bxc5 51. bxc5 Qxc5 52. Bxe7 Qxe7 53. Bd5 Kg7 54. a4 Qb4 55. Kh2 Qxa4 56. Rh1 Qd4 57. Kh3 Qf2 58. g3 Qd2 59. Kg4 a4 60. Rb1 Qa5 61. Rb8 Qa6 62. Ra8 Qb5 63. Rd8 Qb6 64. Ra8 Ra7 65. Rc8 Qf6 66. Qh5 a3 67. Rc2 Ne7 68. Ba2 Rb7 69. Rc3 Rb2 70. Bc4 a2 71. Ra3 Rc2 72. Bd3 Qe6+ 0-1

[Event "Jababeka (Women)"]
[Site "Jakarta"]
[Date "2005.10.24"]
[Round "6"]
[White "Zakharova, Adelaida"]
[Black "Alexandria, Nana"]
[Result "0-1"]
[WhiteElo "2071"]
[BlackElo "2323"]
[PlyCount "65"]
[EventDate "2005.10.21"]
[EventType "tourn"]
[EventRounds "11"]
[EventCountry "INA"]
[SourceTitle "EXT 2006"]
[Source "ChessBase"]
[SourceDate "2005.11.24"]
[SourceVersion "1"]
[SourceVersionDate "2005.11.24"]
[SourceQuality "1"]

1. d4 Nf6 2. Nf3 b6 3. c4 Bb7 4. Nc3 e6 5. Bg5 Be7 6. Qc2 c5 7. e3 d6 8. Be2 Nbd7 9. 0-0 a6 10. Nd2 Rc8 11. Bf3 Bxf3 12. Nxf3 cxd4 13. Nxd4 Rxc4 14. Qe2 d5 15. Rac1 Qc8 16. Rc2 0-0 17. Rfc1 Qb7 18. h3 Rfc8 19. Nb3 Bb4 20. Nd2 R4c7 21. Bxf6 Nxf6 22. Qd3 h6 23. a3 Be7 24. Nf3 Nd7 25. b4 b5 26. Nd4 Ne5 27. Qe2 Nc4 28. Nb1 Rd7 29. Qd3 Rcd8 30. f4 Qb6 31. Re2 Bf6 32. Nf3 a5 33. Kh1 0-1

[Event "EU-chT Seniors 07th"]
[Site "Dresden"]
[Date "2005.02.23"]
[Round "6"]
[White "Alexandria, Nana"]
[Black "Schenk, Manfred"]
[Result "1-0"]
[WhiteElo "2336"]
[BlackElo "2177"]
[PlyCount "37"]
[EventDate "2005.02.18"]
[EventType "team-swiss"]
[EventRounds "8"]
[EventCountry "GER"]
[SourceTitle "EXT 2006"]
[Source "ChessBase"]
[SourceDate "2005.11.24"]
[SourceVersion "1"]
[SourceVersionDate "2005.11.24"]
[SourceQuality "1"]

1. d4 d5 2. c4 c6 3. Nf3 Nf6 4. Qc2 e6 5. Bg5 Nbd7 6. e3 Qa5+ 7. Nbd2 Ne4 8. Bf4 Bb4 9. Bd3 Ndf6 10. a3 Nxd2 11. Nxd2 Ne4 12. axb4 Qxa1+ 13. Nb1 f5 14. cxd5 c5 15. dxc5 b5 16. Bxb5+ Kf7 17. 0-0 Ba6 18. dxe6+ Kg6 19. Nc3 1-0

[Event "EU-chT Seniors 07th"]
[Site "Dresden"]
[Date "2005.02.19"]
[Round "2"]
[White "Lenk, Wolfgang"]
[Black "Alexandria, Nana"]
[Result "1-0"]
[WhiteElo "2193"]
[BlackElo "2336"]
[PlyCount "73"]
[EventDate "2005.02.18"]
[EventType "team-swiss"]
[EventRounds "8"]
[EventCountry "GER"]
[SourceTitle "EXT 2006"]
[Source "ChessBase"]
[SourceDate "2005.11.24"]
[SourceVersion "1"]
[SourceVersionDate "2005.11.24"]
[SourceQuality "1"]

1. e4 c5 2. Nf3 Nc6 3. d4 cxd4 4. Nxd4 Qc7 5. Nc3 Nf6 6. Be3 e6 7. g3 a6 8. Bg2 d6 9. 0-0 Bd7 10. f4 b5 11. f5 Nxd4 12. fxe6 Nxe6 13. e5 dxe5 14. Bxa8 Bc5 15. Bxc5 Qxc5+ 16. Kh1 Bc6+ 17. Bxc6+ Qxc6+ 18. Qf3 e4 19. Qg2 b4 20. Nd1 Ng4 21. Re1 f5 22. Ne3 Nxe3 23. Rxe3 0-0 24. Rd1 g5 25. c3 a5 26. cxb4 axb4 27. a3 bxa3 28. Rxa3 Kh8 29. Rda1 Nc7 30. Rc3 Qb7 31. Qd2 Nb5 32. Rc5 f4 33. Qd5 Qxd5 34. Rxd5 f3 35. Rxb5 e3 36. Re5 e2 37. Re1 1-0

[Event "Wch Seniors (Women) 14th"]
[Site "Halle"]
[Date "2004.10.28"]
[Round "5"]
[White "Alexandria, Nana"]
[Black "Fatalibekova, Elena"]
[Result "1/2-1/2"]
[WhiteElo "2336"]
[BlackElo "2296"]
[PlyCount "73"]
[EventDate "2004.10.24"]
[EventType "swiss"]
[EventRounds "9"]
[EventCountry "GER"]
[SourceTitle "EXT 2006"]
[Source "ChessBase"]
[SourceDate "2005.11.24"]
[SourceVersion "1"]
[SourceVersionDate "2005.11.24"]
[SourceQuality "1"]

1. d4 d5 2. c4 c6 3. Qc2 Nf6 4. Nf3 Bg4 5. Ne5 Bh5 6. Qb3 Qb6 7. c5 Qxb3 8. axb3 Nbd7 9. Nd3 Bg6 10. e3 a6 11. Nc3 e6 12. b4 Rc8 13. f3 h6 14. Nf2 Be7 15. g4 Bd8 16. h4 Bc7 17. Bh3 Rd8 18. Rg1 e5 19. g5 hxg5 20. hxg5 Ng8 21. Rh1 Kf8 22. b5 axb5 23. Ra7 exd4 24. exd4 Bg3 25. Ne2 Bxf2+ 26. Kxf2 Bf5 27. Bxf5 Rxh1 28. Rxb7 Ke8 29. Bf4 Ne7 30. Bg4 f5 31. gxf6 Nxf6 32. Be6 Rb1 33. Bd6 Nd7 34. Bc7 Nf6 35. Bd6 Nd7 36. Bc7 Nf6 37. Bd6 1/2-1/2

[Event "Wch Seniors (Women) 14th"]
[Site "Halle"]
[Date "2004.10.26"]
[Round "3"]
[White "Khmiadashvili, Tamari"]
[Black "Alexandria, Nana"]
[Result "1-0"]
[WhiteElo "2236"]
[BlackElo "2336"]
[PlyCount "127"]
[EventDate "2004.10.24"]
[EventType "swiss"]
[EventRounds "9"]
[EventCountry "GER"]
[SourceTitle "EXT 2006"]
[Source "ChessBase"]
[SourceDate "2005.11.24"]
[SourceVersion "1"]
[SourceVersionDate "2005.11.24"]
[SourceQuality "1"]

1. d4 Nf6 2. c3 e6 3. Bg5 c5 4. dxc5 Bxc5 5. e3 0-0 6. Bd3 Be7 7. Nd2 d6 8. Ngf3 Nbd7 9. 0-0 b6 10. Bxf6 Nxf6 11. Qe2 Bb7 12. Ba6 Qc8 13. Bxb7 Qxb7 14. Rfd1 Rfc8 15. e4 Nd7 16. Nd4 a6 17. a4 Nc5 18. b4 Nd7 19. Rac1 Bf6 20. N2f3 Ne5 21. Nxe5 Bxe5 22. b5 axb5 23. axb5 Bxd4 24. Rxd4 Rd8 25. Qd3 Qc7 26. Rc4 Qb8 27. Rc6 d5 28. g3 Ra4 29. exd5 Rxd5 30. Qc2 Ra5 31. c4 Rd6 32. Rxd6 Qxd6 33. Rd1 Qc7 34. Qd3 g6 35. Qd8+ Qxd8 36. Rxd8+ Kg7 37. Rc8 Kf6 38. Rc7 Ra4 39. Kg2 h5 40. h4 Ke5 41. Rxf7 Rxc4 42. Rb7 Kf5 43. Rxb6 g5 44. Rc6 Rb4 45. Rc5+ e5 46. hxg5 Kxg5 47. Rxe5+ Kg6 48. Kh3 Rb1 49. f4 Rb2 50. Rc5 Rb1 51. Rc6+ Kg7 52. b6 Rh1+ 53. Kg2 Rb1 54. Rc7+ Kg6 55. b7 Kf5 56. Kf3 Rb3+ 57. Ke2 h4 58. gxh4 Kxf4 59. Rg7 Ke4 60. Kd2 Kd4 61. Kc2 Rb6 62. h5 Ke5 63. h6 Kf6 64. Rc7 1-0

[Event "Wch Seniors (Women) 14th"]
[Site "Halle"]
[Date "2004.10.24"]
[Round "1"]
[White "Blagonadezhnaya, Idea"]
[Black "Alexandria, Nana"]
[Result "0-1"]
[WhiteElo "2056"]
[BlackElo "2336"]
[PlyCount "74"]
[EventDate "2004.10.24"]
[EventType "swiss"]
[EventRounds "9"]
[EventCountry "GER"]
[SourceTitle "EXT 2006"]
[Source "ChessBase"]
[SourceDate "2005.11.24"]
[SourceVersion "1"]
[SourceVersionDate "2005.11.24"]
[SourceQuality "1"]

1. e4 c5 2. g3 e6 3. Bg2 d5 4. Ne2 dxe4 5. Bxe4 Nf6 6. Bg2 Nc6 7. 0-0 e5 8. d3 Bg4 9. Nbc3 Qd7 10. Be3 Be7 11. f3 Bh3 12. Ne4 Nd5 13. Bf2 b6 14. N2c3 Nc7 15. Re1 Bxg2 16. Kxg2 Ne6 17. a4 h5 18. Be3 f5 19. Nd2 h4 20. Bf2 Rh6 21. g4 Nf4+ 22. Kh1 fxg4 23. Be3 g3 24. Bxf4 exf4 25. Qe2 h3 26. Qe4 Rd8 27. Qxf4 g2+ 28. Kg1 Qd4+ 29. Qxd4 Nxd4 30. Rac1 Kd7 31. Re4 Rf8 32. Ne2 Nxf3+ 33. Nxf3 Rxf3 34. Ng3 Bd6 35. Rce1 Rhf6 36. R4e3 Rxe3 37. Rxe3 Bxg3 0-1

[Event "SUFE Cup 2nd"]
[Site "Shanghai"]
[Date "2001.06.02"]
[Round "6"]
[White "Zhu, Chen"]
[Black "Alexandria, Nana"]
[Result "1-0"]
[WhiteElo "2538"]
[BlackElo "2336"]
[PlyCount "51"]
[EventDate "2001.05.31"]
[EventType "schev (rapid)"]
[EventRounds "12"]
[EventCountry "CHN"]
[SourceTitle "CBM 082 Extra"]
[Source "ChessBase"]
[SourceDate "2001.07.03"]
[SourceVersion "1"]
[SourceVersionDate "2001.07.03"]
[SourceQuality "1"]

1. d4 Nf6 2. c4 e6 3. Nf3 b6 4. g3 Ba6 5. b3 b5 6. cxb5 Bxb5 7. Bg2 c5 8. 0-0 Bc6 9. Ba3 Na6 10. Nbd2 cxd4 11. Bxf8 Kxf8 12. Nc4 g6 13. Qxd4 Kg7 14. Nce5 Bd5 15. e4 Bb7 16. Ng5 Rf8 17. Ng4 h6 18. Nxf6 Qxf6 19. Qxf6+ Kxf6 20. e5+ Kxg5 21. f4+ Kf5 22. Bh3+ Ke4 23. Rad1 Nc5 24. Rfe1+ Kf3 25. Rd2 Ne4 26. Rd3# 1-0

[Event "SUFE Cup 2nd"]
[Site "Shanghai"]
[Date "2001.05.31"]
[Round "1"]
[White "Alexandria, Nana"]
[Black "Xu, Yuhua"]
[Result "1-0"]
[WhiteElo "2336"]
[BlackElo "2501"]
[PlyCount "151"]
[EventDate "2001.05.31"]
[EventType "schev (rapid)"]
[EventRounds "12"]
[EventCountry "CHN"]
[SourceTitle "CBM 082 Extra"]
[Source "ChessBase"]
[SourceDate "2001.07.03"]
[SourceVersion "1"]
[SourceVersionDate "2001.07.03"]
[SourceQuality "1"]

1. d4 Nf6 2. c4 e6 3. Nf3 b6 4. Bf4 Bb7 5. e3 Be7 6. Nc3 d5 7. cxd5 Nxd5 8. Nxd5 exd5 9. Qa4+ c6 10. Ne5 0-0 11. Be2 Qd6 12. 0-0 Qe6 13. Rac1 Bd6 14. Nd3 Nd7 15. Bf3 Rfc8 16. Rfd1 Nf6 17. Bxd6 Qxd6 18. Qb4 Qe6 19. a4 Rab8 20. a5 Ba6 21. Nf4 Qd7 22. Qa3 Bb5 23. Rc3 Re8 24. Rdc1 Ne4 25. R3c2 Rbd8 26. Nd3 f6 27. Nb4 Rc8 28. Rd1 Nd6 29. b3 Ne4 30. axb6 axb6 31. Qc1 Qd6 32. Nd3 Ra8 33. Nf4 Qb4 34. Be2 Bxe2 35. Nxe2 Qxb3 36. Rxc6 Re7 37. Nc3 Nxc3 38. Rxc3 Qa4 39. Qb1 Rb8 40. Rdc1 Ree8 41. h3 Rb7 42. Rb3 Qa6 43. Rc6 Reb8 44. Rb5 Qa4 45. Rd6 Rc7 46. Rbxd5 Qa8 47. Rb5 Rbc8 48. Qb3+ Kh8 49. Rdxb6 Qa1+ 50. Kh2 Qf1 51. Kg3 h6 52. Rb8 Qc1 53. Rxc8+ Rxc8 54. Qd3 Qc7+ 55. f4 Qc1 56. d5 Re8 57. Rb3 h5 58. Kh2 h4 59. Qg6 Rd8 60. Qh5+ Kg8 61. Qxh4 Rxd5 62. Rb8+ Kf7 63. Rb7+ Kg8 64. Rb8+ Kf7 65. Qf2 Rd1 66. f5 Qa1 67. Qf4 Rh1+ 68. Kg3 Rc1 69. Rb7+ Kg8 70. Rb8+ Kf7 71. Qd6 Qe5+ 72. Qxe5 fxe5 73. Rb6 Rc4 74. Kf3 e4+ 75. Kf4 Rc2 76. g3 1-0

[Event "Pasanauri op"]
[Site "Pasanauri"]
[Date "1997.??.??"]
[Round "?"]
[White "Alexandria, Nana"]
[Black "Gogichaishvili, Giorgi"]
[Result "0-1"]
[WhiteElo "2300"]
[BlackElo "2345"]
[PlyCount "82"]
[EventDate "1997.??.??"]
[EventType "swiss"]
[EventRounds "9"]
[EventCountry "GEO"]
[SourceTitle "EXT 2002"]
[Source "ChessBase"]
[SourceDate "2001.11.25"]
[SourceVersion "1"]
[SourceVersionDate "2001.11.25"]
[SourceQuality "1"]

1. c4 c5 2. Nf3 Nf6 3. b3 e6 4. Bb2 b6 5. e3 Bb7 6. Be2 d5 7. 0-0 Bd6 8. cxd5 exd5 9. d4 0-0 10. Nc3 Nbd7 11. Rc1 a6 12. Rc2 Re8 13. Rd2 Rc8 14. dxc5 bxc5 15. Ne1 Qc7 16. h3 Rcd8 17. Bf3 Nb6 18. Nc2 Be5 19. Na3 h6 20. Nab1 d4 21. exd4 cxd4 22. Na4 Nxa4 23. bxa4 Bxf3 24. Qxf3 Qc4 25. Qb3 Bh2+ 26. Kxh2 Qxf1 27. Bxd4 Rb8 28. Rd1 Rxb3 29. Rxf1 Rd3 30. Bxf6 gxf6 31. g4 Re4 32. Rc1 Re2 33. Kg2 Rxa2 34. Nc3 Rb2 35. Ne4 Rd4 36. Rc8+ Kg7 37. Ng3 Kh7 38. Rc6 Rf4 39. Nf5 Rfxf2+ 40. Kg3 Rfc2 41. Rc7 Rxc7 0-1

[Event "Biel MTO op"]
[Site "Biel"]
[Date "1997.??.??"]
[Round "8"]
[White "Alexandria, Nana"]
[Black "Zaiatz, Elena"]
[Result "0-1"]
[WhiteElo "2295"]
[BlackElo "2240"]
[PlyCount "84"]
[EventDate "1997.07.21"]
[EventType "swiss"]
[EventRounds "11"]
[EventCountry "SUI"]
[SourceTitle "CBM 060 Extra"]
[Source "ChessBase"]
[SourceDate "1997.11.04"]
[SourceVersion "1"]
[SourceVersionDate "1997.11.04"]
[SourceQuality "1"]

1. d4 Nf6 2. c4 e6 3. Nf3 Bb4+ 4. Nbd2 0-0 5. a3 Be7 6. e4 d5 7. Bd3 dxe4 8. Nxe4 Nc6 9. Nc3 b6 10. 0-0 Bb7 11. Be3 g6 12. h3 Nb8 13. Qe2 c5 14. Rfd1 Qc8 15. dxc5 bxc5 16. Rab1 Nc6 17. Bf4 Re8 18. Qe3 Nh5 19. Bh2 f5 20. Be2 e5 21. Nd5 f4 22. Qd3 Bd8 23. Nd2 Nd4 24. Ne4 Bxd5 25. cxd5 Nf6 26. Nd6 Qd7 27. Nxe8 Qxe8 28. Qc4 Bb6 29. Bd3 e4 30. Re1 Qe5 31. d6+ Kg7 32. d7 Qf5 33. Bf1 Rd8 34. Qc1 g5 35. b4 cxb4 36. Rxb4 Rxd7 37. Rb5 Nxb5 38. Bxb5 Qxb5 39. Bxf4 gxf4 40. Qxf4 Qh5 41. Rc1 Qg6 42. Rc3 e3 0-1

[Event "Biel MTO op"]
[Site "Biel"]
[Date "1997.??.??"]
[Round "5"]
[White "Arbakov, Valentin"]
[Black "Alexandria, Nana"]
[Result "0-1"]
[WhiteElo "2475"]
[BlackElo "2295"]
[PlyCount "96"]
[EventDate "1997.07.21"]
[EventType "swiss"]
[EventRounds "11"]
[EventCountry "SUI"]
[SourceTitle "CBM 060 Extra"]
[Source "ChessBase"]
[SourceDate "1997.11.04"]
[SourceVersion "1"]
[SourceVersionDate "1997.11.04"]
[SourceQuality "1"]

1. e4 c5 2. Nf3 d6 3. d4 cxd4 4. Nxd4 e5 5. Nb5 Nf6 6. N5c3 Be6 7. Bb5+ Nbd7 8. 0-0 h6 9. Be3 Be7 10. f3 0-0 11. a4 a6 12. Bxd7 Qxd7 13. Nd5 Bxd5 14. exd5 b5 15. Qd3 Qb7 16. Rd1 b4 17. c4 bxc3 18. bxc3 Rfc8 19. c4 Bd8 20. a5 Qb4 21. Nd2 Bxa5 22. Rdb1 Qc3 23. Qe2 Rab8 24. Rc1 Qxe3+ 25. Qxe3 Bb6 26. Kf2 Bxe3+ 27. Kxe3 Rb6 28. Kd3 Nd7 29. Rab1 Rcb8 30. Rxb6 Rxb6 31. g4 Nc5+ 32. Ke3 g6 33. Rc3 f5 34. Ra3 Kf7 35. h4 h5 36. gxf5 gxf5 37. f4 e4 38. Ra1 Rb8 39. Rg1 Rg8 40. Rg5 Rxg5 41. fxg5 a5 42. Nb1 a4 43. Na3 Nd3 44. Kd4 Ne5 45. Nb5 Nf3+ 46. Kc3 Kg6 47. Nxd6 e3 48. Kd3 a3 0-1

[Event "St Petersburg op"]
[Site "St Petersburg"]
[Date "1995.??.??"]
[Round "3"]
[White "Alexandria, Nana"]
[Black "Ionov, Sergey"]
[Result "1/2-1/2"]
[WhiteElo "2350"]
[BlackElo "2525"]
[PlyCount "97"]
[EventDate "1995.05.??"]
[EventType "swiss"]
[EventRounds "9"]
[EventCountry "RUS"]
[SourceTitle "CBM 046 Extra"]
[Source "ChessBase"]
[SourceDate "1995.07.01"]
[SourceVersion "1"]
[SourceVersionDate "1995.07.01"]
[SourceQuality "1"]

1. c4 Nf6 2. d4 e6 3. Nf3 b6 4. Bf4 Bb4+ 5. Nfd2 Nh5 6. Be5 Nc6 7. e3 Nxe5 8. Qxh5 Ng6 9. Be2 Bb7 10. 0-0 Qh4 11. Qxh4 Nxh4 12. g3 Nf5 13. Bf3 0-0-0 14. Rd1 Rhe8 15. Bxb7+ Kxb7 16. Nf3 d5 17. cxd5 exd5 18. Nc3 Bxc3 19. bxc3 Nd6 20. Nd2 c5 21. Kf1 cxd4 22. cxd4 Rc8 23. Rdc1 Rxc1+ 24. Rxc1 Rc8 25. Rxc8 Nxc8 26. Ke2 Kc6 27. Kd3 Nd6 28. g4 f5 29. gxf5 Nxf5 30. f3 g5 31. e4 Nh4 32. Ke3 a5 33. Nb1 Ng2+ 34. Kd3 Nf4+ 35. Ke3 b5 36. a3 b4 37. axb4 axb4 38. Nd2 Kb5 39. exd5 Nxd5+ 40. Ke4 Ne7 41. Ke5 Nc6+ 42. Kf6 Nxd4 43. Kxg5 Kc5 44. Kh6 Ne6 45. Kxh7 Kd4 46. Nb3+ Kc3 47. Na5 Ng5+ 48. Kg8 Nxf3 49. h3 1/2-1/2

[Event "Rostov on Don (Women)"]
[Site "Rostov on Don"]
[Date "1995.??.??"]
[Round "7"]
[White "Alexandria, Nana"]
[Black "Kovalevskaya, Ekaterina"]
[Result "0-1"]
[WhiteElo "2350"]
[BlackElo "2370"]
[PlyCount "72"]
[EventDate "1995.??.??"]
[EventType "tourn"]
[EventRounds "11"]
[EventCountry "RUS"]
[EventCategory "5"]
[SourceTitle "EXT 1997"]
[Source "ChessBase"]
[SourceDate "1996.11.15"]
[SourceVersion "1"]
[SourceVersionDate "1996.11.15"]
[SourceQuality "1"]

1. d4 Nf6 2. c4 d6 3. Nc3 Nbd7 4. e4 e5 5. Nf3 g6 6. Be2 Bg7 7. 0-0 0-0 8. Be3 c6 9. d5 c5 10. Ne1 Ne8 11. g4 f5 12. f3 Qh4 13. Ng2 Qh3 14. f4 exf4 15. Bxf4 Bxc3 16. bxc3 fxe4 17. Qd2 Ndf6 18. Bh6 Rf7 19. g5 Ng4 20. Bxg4 Qxg4 21. Rxf7 Kxf7 22. Rf1+ Bf5 23. Qb2 b6 24. Qb5 Ke7 25. Qc6 Rc8 26. Qa4 Rc7 27. Re1 Kd8 28. h4 Rf7 29. Qc2 e3 30. Qb2 Qxc4 31. Nxe3 Qxh4 32. Qe2 Bd3 33. Qd2 Be4 34. Ng2 Bxg2 35. Kxg2 Qg4+ 36. Kh2 Rf3 0-1

[Event "YUG-chT (Women)"]
[Site "Tivat"]
[Date "1995.??.??"]
[Round "9"]
[White "Alexandria, Nana"]
[Black "Manakova, Maria"]
[Result "1/2-1/2"]
[WhiteElo "2350"]
[BlackElo "2380"]
[PlyCount "56"]
[EventDate "1995.??.??"]
[EventType "team"]
[EventRounds "11"]
[EventCountry "YUG"]
[SourceTitle "EXT 1997"]
[Source "ChessBase"]
[SourceDate "1996.11.15"]
[SourceVersion "1"]
[SourceVersionDate "1996.11.15"]
[SourceQuality "1"]

1. d4 e6 2. c4 f5 3. g3 Nf6 4. Bg2 d5 5. Nf3 Bd6 6. 0-0 0-0 7. Nc3 c6 8. Qc2 Ne4 9. Rb1 Qe7 10. a3 Bd7 11. b4 Be8 12. Ne1 Bg6 13. Nd3 Nd7 14. Bf4 Bxf4 15. Nxf4 Bf7 16. b5 Qxa3 17. Nxe4 dxe4 18. bxc6 bxc6 19. Rb7 Nb6 20. Rb1 Qa6 21. Rc7 Qxc4 22. Qxc4 Nxc4 23. Rxc6 e5 24. dxe5 Nxe5 25. Rc5 Rfe8 26. Rbb5 a6 27. Ra5 Nc4 28. Ra4 Ne5 1/2-1/2

[Event "Rostov on Don (Women)"]
[Site "Rostov on Don"]
[Date "1995.??.??"]
[Round "9"]
[White "Alexandria, Nana"]
[Black "Velikhanli, Firuza"]
[Result "1/2-1/2"]
[WhiteElo "2350"]
[BlackElo "2340"]
[PlyCount "132"]
[EventDate "1995.??.??"]
[EventType "tourn"]
[EventRounds "11"]
[EventCountry "RUS"]
[EventCategory "5"]
[SourceTitle "EXT 1997"]
[Source "ChessBase"]
[SourceDate "1996.11.15"]
[SourceVersion "1"]
[SourceVersionDate "1996.11.15"]
[SourceQuality "1"]

1. d4 Nf6 2. c4 g6 3. Nc3 Bg7 4. e4 d6 5. Nf3 0-0 6. Be2 e5 7. 0-0 Nc6 8. Be3 Ng4 9. Bg5 f6 10. Bh4 Kh8 11. dxe5 Ngxe5 12. Qd2 Be6 13. b3 Qe8 14. Nb5 Nxf3+ 15. Bxf3 Qf7 16. Rad1 a6 17. Nc3 Rae8 18. Bg3 Ne5 19. Be2 f5 20. exf5 Bxf5 21. Na4 b6 22. f3 Qf6 23. Rfe1 Bd7 24. c5 Bxa4 25. cxd6 Bc6 26. dxc7 Bb7 27. Bf1 h5 28. f4 Ng4 29. Rxe8 Rxe8 30. Qd8 Rf8 31. Be2 Qc6 32. Bf3 Qc5+ 33. Kh1 Bxf3 34. gxf3 Ne3 35. Re1 Qd5 36. Qxd5 Nxd5 37. f5 gxf5 38. Rd1 Nxc7 39. Bxc7 Rc8 40. Bd8 Rc3 41. Bxb6 Rxf3 42. Rd5 h4 43. Kg2 Rc3 44. Rxf5 h3+ 45. Kf2 Rc2+ 46. Kg3 Rxa2 47. Kxh3 Rb2 48. Rf3 Be5 49. Bf2 Rc2 50. Kg4 Kg7 51. h4 Rc6 52. h5 Rd6 53. Be3 Bf6 54. Rg3 Rd5 55. Kf3+ Kf7 56. Kg4 Rb5 57. Bf4 Rb4 58. Rf3 Kg7 59. Kg3 Rb5 60. h6+ Kg6 61. Rd3 Bg5 62. Bxg5 Rxg5+ 63. Kf4 Rb5 64. Rh3 Kh7 65. Ke4 a5 66. Kd4 a4 1/2-1/2

[Event "Rostov on Don (Women)"]
[Site "Rostov on Don"]
[Date "1995.??.??"]
[Round "8"]
[White "Bojkovic, Natasa"]
[Black "Alexandria, Nana"]
[Result "1-0"]
[WhiteElo "2430"]
[BlackElo "2350"]
[PlyCount "73"]
[EventDate "1995.??.??"]
[EventType "tourn"]
[EventRounds "11"]
[EventCountry "RUS"]
[EventCategory "5"]
[SourceTitle "EXT 1997"]
[Source "ChessBase"]
[SourceDate "1996.11.15"]
[SourceVersion "1"]
[SourceVersionDate "1996.11.15"]
[SourceQuality "1"]

1. e4 c5 2. Nf3 b6 3. d4 cxd4 4. Nxd4 Bb7 5. Bd3 d6 6. c4 Nd7 7. Nc3 g6 8. 0-0 Bg7 9. Be3 a6 10. Rc1 Ngf6 11. Bb1 0-0 12. Qe2 e6 13. Rfd1 Qc7 14. f3 Rad8 15. Qf2 Qb8 16. Nde2 Ba8 17. a3 Rc8 18. Ba2 Rfe8 19. b4 Bf8 20. Bb3 Be7 21. Nf4 Bd8 22. Kh1 Bc7 23. Qh4 Qb7 24. Bd4 b5 25. cxb5 axb5 26. Qg5 d5 27. exd5 exd5 28. Nfxd5 Be5 29. Bg1 Qb8 30. Qd2 Rcd8 31. Qa2 Kg7 32. Re1 Nxd5 33. Nxd5 Bxd5 34. Bxd5 Bf4 35. Rcd1 f6 36. Rxe8 Rxe8 37. Bc6 1-0

[Event "Biel Credis op"]
[Site "Biel"]
[Date "1995.??.??"]
[Round "5"]
[White "Hochstrasser, Michael"]
[Black "Alexandria, Nana"]
[Result "1-0"]
[WhiteElo "2255"]
[BlackElo "2350"]
[PlyCount "70"]
[EventDate "1995.??.??"]
[EventType "swiss"]
[EventRounds "12"]
[EventCountry "SUI"]
[SourceTitle "CBM 048 Extra"]
[Source "ChessBase"]
[SourceDate "1995.11.01"]
[SourceVersion "1"]
[SourceVersionDate "1995.11.01"]
[SourceQuality "1"]

1. d4 Nf6 2. c4 e6 3. Nc3 Bb4 4. f3 Nc6 5. e4 d6 6. Be3 Bxc3+ 7. bxc3 0-0 8. Bd3 e5 9. Ne2 b6 10. 0-0 Qe8 11. Ng3 Kh8 12. Qe2 Ng8 13. f4 f6 14. h4 Ba6 15. f5 Na5 16. a4 Qf7 17. d5 c6 18. Nh1 Rac8 19. g4 cxd5 20. cxd5 Bxd3 21. Qxd3 Rc4 22. Nf2 Rfc8 23. Ra3 Qe8 24. Rfa1 Ne7 25. Kh2 g6 26. Rg1 Qf7 27. Bd2 gxf5 28. gxf5 Qh5 29. Rg4 Rg8 30. Rxg8+ Nxg8 31. Kh3 Rc7 32. Ng4 Nc4 33. Ra2 Qf7 34. Bc1 Qe8 35. Rg2 Qh5 1-0

[Event "Biel Credis op"]
[Site "Biel"]
[Date "1995.??.??"]
[Round "11"]
[White "Kaenel, Hansjuerg"]
[Black "Alexandria, Nana"]
[Result "0-1"]
[WhiteElo "2395"]
[BlackElo "2350"]
[PlyCount "122"]
[EventDate "1995.??.??"]
[EventType "swiss"]
[EventRounds "12"]
[EventCountry "SUI"]
[SourceTitle "CBM 048 Extra"]
[Source "ChessBase"]
[SourceDate "1995.11.01"]
[SourceVersion "1"]
[SourceVersionDate "1995.11.01"]
[SourceQuality "1"]

1. Nf3 Nf6 2. e3 e6 3. b3 b6 4. Bb2 Bb7 5. c4 c5 6. Be2 Be7 7. 0-0 d6 8. d4 Nbd7 9. Nc3 a6 10. Qc2 0-0 11. Rad1 cxd4 12. Nxd4 Qc7 13. Qb1 Rfe8 14. Bf3 Nc5 15. Rd2 Rec8 16. Rc1 Bxf3 17. Nxf3 Qb7 18. Nd4 h6 19. Rdd1 Rc7 20. Qc2 Rac8 21. Qe2 Nfe4 22. Nxe4 Nxe4 23. f3 Nf6 24. e4 Ne8 25. g3 Bf6 26. Rb1 b5 27. cxb5 axb5 28. Kh1 b4 29. Rd2 Rc5 30. Rbd1 h5 31. Kg2 g6 32. Ba1 Bg7 33. Nc2 Bc3 34. Rd3 Bxa1 35. Nxa1 R8c6 36. R3d2 Qc7 37. h4 Nf6 38. Rd4 d5 39. Rxb4 dxe4 40. fxe4 Qe5 41. Rf1 Ng4 42. Qd2 Rc2 43. Nxc2 Rxc2 44. Qxc2 Ne3+ 45. Kh3 Nxc2 46. Rb7 Qxe4 47. Rbxf7 Qd4 48. R7f4 Qd7 49. Rf8+ Kg7 50. a4 e5+ 51. Kh2 Ne3 52. R1f7+ Qxf7 53. Rxf7+ Kxf7 54. a5 Ke6 55. a6 Nd5 56. Kg2 e4 57. Kf2 Ke5 58. a7 Nb6 59. Ke3 Kd5 60. b4 Ke5 61. b5 Kd5 0-1